| 000 | 01192nam a22003737a 4500 | ||
|---|---|---|---|
| 005 | 20250908165439.0 | ||
| 008 | 150310b2013 xxu||||| |||| 00| 0 spa d | ||
| 020 | _a9788434408449 | ||
| 041 | _aESP | ||
| 082 | _a808. 51 D687m | ||
| 100 | _aDonovan, Jeremy | ||
| 245 | _aMétodo TED para hablar en público: los secretos de las conferencias que triunfen en todo el mundo | ||
| 260 | _aEspaña | ||
| 260 | _bAriel | ||
| 260 | _c2013 | ||
| 300 | _a109 págians | ||
| 505 | _aParte I. Contenido, argumentos y estructura; Parte II. Exposición y diseño | ||
| 650 | _aHABLAR EN PÚBLICO | ||
| 650 | _aCOMUNICACIÓN ORAL | ||
| 650 | _aDIFUNDIRSE TUS IDEAS | ||
| 650 | _aCÓMO ELEGIR EL TEMA | ||
| 650 | _aCÓMO CONSTRUIR EL CUERPO DEL DISCURSO Y LAS TRANSICIONES DE LA CHARLA | ||
| 650 | _aCÓMO HACERSE PRESENTAR | ||
| 650 | _aCÓMO INTRODUCIR LA CHARLA | ||
| 650 | _aDISCURSO | ||
| 650 | _aEXPOSICIÓN | ||
| 650 | _aCÓMO CONCLUIR LA CHARLAR | ||
| 650 | _aCOMO DOMINAR LA EXPOSICIÓN ORAL | ||
| 650 | _aCÓMO INCLUIR EL LENGUAJE CORPORAL | ||
| 650 | _aCÓMO SUPERAR EL PÁNICO ESCÉNICO | ||
| 650 | _aESLOGAN | ||
| 650 | _aMÉTODO TED | ||
| 942 |
_cBK _2ddc |
||
| 999 |
_c3811 _d3811 |
||